00341pab a2200121 454500008004000000100001800040245007700058260000900135300001200144362001200156650003900168773001200207180718b2001 xxu||||| |||| 00| 0 eng d aPatel, Himmat aFinances of Gujarat state: an enquiry into the federal finance relations c2001 ap.16-34 aJan-Dec aIntergovernmental fiscal relations aAnvesak